000
00215 a2200097 4500
001
15075
100
_a
Macnair Dr James I
245
_a
Livingston's travels
260
_a
London
_b
J M Dent
_c
090
_c
11830
_d
11830
942
_a
NUST-CAE
_c
M
_c
2037
999
_c
250148
_d
250148